Solfeo de los solfeos /
Zapisane w:
| 1. autor: | |
|---|---|
| Kolejni autorzy: | , , |
| Format: | Książka |
| Język: | hiszpański |
| Wydane: |
México :
Editapsol,
1992, c1992
|
| Wydanie: | Nueva ed. |
| Hasła przedmiotowe: | |
| Etykiety: |
Nie ma etykietki, Dołącz pierwszą etykiete!
|
MARC
| LEADER | 00000nam^a2200000^a^4500 | ||
|---|---|---|---|
| 001 | 000273163 | ||
| 005 | 20250521000000.0 | ||
| 008 | 080314 19921992 | ||
| 009 | 20260310111122.691 | ||
| 020 | |a 968-6618-17-1 | ||
| 037 | |a Acervo ITESO - Biblioteca | ||
| 041 | |a ESP | ||
| 082 | |a 780. 11 |b LEM | ||
| 100 | |a Lemoine, Enrique |e (autor) | ||
| 240 | 1 | 1 | |a [Solfeos para voces de soprano] |
| 245 | 1 | 0 | |a Solfeo de los solfeos / |c E. Lemoine, G. Carulli ; colaboración de A. Danhauser, A. Lavignac. |
| 250 | |a Nueva ed. | ||
| 264 | 4 | |a México : |b Editapsol, |c 1992, c1992 | |
| 300 | |a 75 p. | ||
| 336 | |a texto |b txt |2 rdacontenido | ||
| 337 | |a sin mediación |b n |2 rdamedio | ||
| 338 | |a volumen |b nc |2 rdasoporte | ||
| 649 | |a XX | ||
| 650 | |a Soprano - |x Tema Principal | ||
| 650 | |a Voces Femeninas | ||
| 650 | |a Voz (Música) | ||
| 650 | |a Solfeo - |x Tema Principal | ||
| 650 | |a Música Vocal - |x Estudio y Enseñanza | ||
| 700 | |a Carulli, G. |e (autor) | ||
| 700 | |a Danhauser, A. |e (colaboración) | ||
| 700 | |a Lavignac, Alberto |e (colaboración) | ||
| 910 | |a Fondo General | ||
| 920 | |a Impresos - Libros | ||
| 930 | |a Colección General | ||
| 905 | |a 101 | ||
| 901 | |a 0500158650 |b IT1 |c ACC |u 20250521 | ||
| 902 | |a https://opac.biblio.iteso.mx/vufind/Record/000273163 | ||